<?xml version="1.0" encoding="UTF-8"?>
<marc:record xmlns:marc="http://www.loc.gov/MARC21/slim">
   <marc:leader>00000nam a2200000 a 4500</marc:leader>
   <marc:datafield ind1="1" ind2=" " tag="100">
      <marc:subfield code="a">Haupt, Ursula</marc:subfield>
      <marc:subfield code="4">aut</marc:subfield>
      <marc:subfield code="e">Verfasser/-in</marc:subfield>
   </marc:datafield>
   <marc:datafield ind1=" " ind2=" " tag="653">
      <marc:subfield code="a">Kind</marc:subfield>
   </marc:datafield>
   <marc:datafield ind1=" " ind2=" " tag="653">
      <marc:subfield code="a">Körperbehinderung</marc:subfield>
   </marc:datafield>
   <marc:datafield ind1=" " ind2=" " tag="653">
      <marc:subfield code="a">Soziale Integration</marc:subfield>
   </marc:datafield>
   <marc:datafield ind1=" " ind2=" " tag="653">
      <marc:subfield code="a">Partizipation</marc:subfield>
   </marc:datafield>
   <marc:datafield ind1="0" ind2="0" tag="245">
      <marc:subfield code="a">Behindert und gefördert</marc:subfield>
   </marc:datafield>
   <marc:datafield ind1="0" ind2="0" tag="245">
      <marc:subfield code="b">Kinder mit Körperbehinderungen in unserer Gesellschaft</marc:subfield>
   </marc:datafield>
   <marc:datafield ind1="0" ind2="0" tag="245">
      <marc:subfield code="c">Ursula Haupt</marc:subfield>
   </marc:datafield>
   <marc:datafield ind1=" " ind2="1" tag="264">
      <marc:subfield code="a">München</marc:subfield>
      <marc:subfield code="b">Allitera-Verl.</marc:subfield>
      <marc:subfield code="c">2011</marc:subfield>
   </marc:datafield>
   <marc:datafield ind1="1" ind2=" " tag="520">
      <marc:subfield code="a">Angaben aus der Verlagsmeldung

Behindert und gefördert : Kinder mit Körperbehinderungen in unserer Gesellschaft / von Ursula Haupt

»Ein Kind mit einer Behinderung ist vor allem ein Kind, und nicht vor allem behindert.«
Ausgehend von diesem Postulat zeichnet Ursula Haupt das komplexe Beziehungsgeflecht nach, in dem Behinderung in unserer Gesellschaft eingeschlossen ist. Denn es ist nicht allein die Behinderung, die die Entwicklung eines Kindes bestimmt, es sind die damit einhergehenden sozialen Zuschreibungen, die Grenzen setzen. Doch diese Grenzen sind veränderbar.
Und so gibt dieses Buch nicht nur einen Überblick über Wahrnehmung und Umgang mit Behinderung in unserer Gesellschaft. Es fordert, dass Integration konsequent ernst genommen wird: Alle Kinder sollen individuelle und gemeinsame Entwicklungsbedingungen und Bildungsmöglichkeiten bekommen. Vor diesem Hintergrund wird Integration zu einem umfassenden sozialen Entwurf, zu einem unverzichtbaren Ziel für die Weiterentwicklung unserer Gesellschaft. Sie ist ein Schritt zu einer Welt, in der Vielfalt der Normalfall ist und sich jeder nach seinen individuellen Möglichkeiten entfalten kann.

Das Buch ist ein leidenschaftliches Plädoyer für mehr Akzeptanz und Mitgestaltungsmöglichkeiten von behinderten Kindern und ihren Eltern – und eine Erinnerung daran, dass Behinderung uns alle betrifft.

</marc:subfield>
   </marc:datafield>
   <marc:datafield ind1=" " ind2=" " tag="020">
      <marc:subfield code="a">9783869061665</marc:subfield>
      <marc:subfield code="9">9783869061665</marc:subfield>
   </marc:datafield>
   <marc:datafield ind1=" " ind2=" " tag="041">
      <marc:subfield code="a">ger</marc:subfield>
   </marc:datafield>
   <marc:datafield ind1=" " ind2=" " tag="300">
      <marc:subfield code="a">301 S.</marc:subfield>
   </marc:datafield>
</marc:record>
